000 00318nam a22001337a 4500
008 190225b xxu||||| |||| 00| 0 eng d
020 _a9780443059308
041 _aeng
080 _22nd
_a616-053.2
100 _a8
101 _aPED
245 _aEssentials of Pediatric Intensive Care
_cLevin, D.L
942 _2udc
_cBK
999 _c54248
_d54248